Nuevas perspectivas del tratamiento jur©Ưdico de la discapacidad y la dependencia

Bibliographic Details
Other Authors: Garca̕ Garnica, Mara̕ del Carmen, Rojo ℓlvarez-Manzaneda, Rafael
Format: eBook
Language:Spanish
Published: Madrid : Dykinson , 2014
Subjects:
Online Access:Acceso restringido

MARC

LEADER 00000nam a2200000 a 4500
005 2015021606206.0
007 cr |||||||||||
008 141125s2014 spc s 001 0 spa c
020 |a 9788490851746 
035 |a 12567 
040 |a vLex 
080 |a 347.155(460) 
090 |c 5349  |d 5349 
245 1 0 |a Nuevas perspectivas del tratamiento jur©Ưdico de la discapacidad y la dependencia   |h [Recurso electrn̤ico] /  |c MarƯ̕a del Carmen GarcƯ̕a Garnica (directora) ; Rafael Rojo ℓlvarez-Manzaneda (coordinador) 
256 |a Servicio en ln̕ea 
260 |a Madrid :  |b Dykinson ,  |c 2014 
300 |a 1 recurso electrn̤ico (490 p.)  
506 1 |a Contenido disponible en los productos indicados 
650 0 4 |a Discapacitados  |x Aspectos legales  |z Espaą 
650 0 4 |a Dependencia  |x Aspectos legales  |z Espaą 
700 1 |a Garca̕ Garnica, Mara̕ del Carmen 
700 1 |a Rojo ℓlvarez-Manzaneda, Rafael 
740 0 |a vLex Libros (Servicio en ln̕ea) 
856 4 0 |z Acceso restringido  |u http://vlex.com/source/nuevas-perspectivas-tratamiento-juridico-discapacidad-dependencia-12567 
942 |c BOOK 
999 0 |a People with disabilities